Top NFL Running Backs by Decade - Statistics

General Stats
  • This quiz has been taken 10,022 times
    2,503 since last reset
  • The average score is 22 of 60
Answer Stats
Decade Yards Rusher % Correct
2020s 7,590 Derrick Henry
92%
2020s 4,906 Saquon Barkley
80%
1990s 13,799 Barry Sanders
79%
1990s 13,963 Emmitt Smith
79%
2010s 9,732 Adrian Peterson
73%
2000s 12,490 LaDainian Tomlinson
66%
1980s 9,800 Walter Payton
66%
1970s 6,926 Walter Payton
66%
2020s 6,013 Jonathan Taylor
63%
2000s 9,585 Fred Taylor
62%
2020s 4,818 Aaron Jones
58%
2010s 6,417 Chris Johnson
58%
2000s 9,217 Thomas Jones
58%
2020s 5,724 Josh Jacobs
57%
1980s 11,226 Eric Dickerson
56%
2010s 7,812 Marshawn Lynch
54%
2010s 9,786 Frank Gore
52%
1990s 6,701 Marshall Faulk
50%
1970s 10,539 O.J. Simpson
48%
2020s 4,353 Nick Chubb
47%
1970s 8,563 Franco Harris
46%
2000s 9,453 Shaun Alexander
46%
2010s 10,434 LeSean McCoy
45%
2020s 4,371 Alvin Kamara
44%
1990s 8,463 Jerome Bettis
44%
2020s 4,497 Joe Mixon
43%
2000s 10,693 Edgerrin James
40%
1990s 6,624 Terrell Davis
40%
1980s 7,275 Marcus Allen
36%
1990s 7,777 Terry Allen
36%
1990s 9,813 Thurman Thomas
34%
2000s 10,607 Jamal Lewis
33%
2020s 4,510 David Montgomery
31%
2010s 7,174 DeMarco Murray
31%
2010s 6,270 Arian Foster
30%
2000s 8,876 Ahman Green
29%
2000s 9,514 Tiki Barber
29%
1980s 9,300 Tony Dorsett
26%
2010s 7,629 Matt Forte
25%
2000s 9,696 Clinton Portis
23%
1970s 6,822 John Riggins
23%
1970s 6,975 Larry Csonka
23%
1980s 7,712 Ottis Anderson
23%
2020s 4,389 James Conner
21%
2010s 6,306 LeGarrette Blount
20%
2010s 7,025 Mark Ingram
20%
1980s 6,625 Roger Craig
19%
2000s 8,347 Warrick Dunn
15%
1990s 9,083 Ricky Watters
14%
1970s 5,887 Chuck Foreman
9%
1980s 7,465 Gerald Riggs
9%
1990s 7,400 Chris Warren
8%
1980s 6,705 Curt Warner
8%
1980s 7,176 George Rogers
7%
1970s 6,518 Lydell Mitchell
6%
1980s 7,146 Freeman McNeil
4%
1970s 5,255 Greg Pruitt
4%
1990s 6,897 Rodney Hampton
4%
1970s 5,185 John Brockington
3%
1970s 6,186 Lawrence McCutcheon
3%
No matching quizzes found
Score Distribution
Percent of People with Each Score
Percentile by Number Answered
Your Score History
You have not taken this quiz since the last reset